000 00743 a2200205 4500
003 Nust
005 20230726113623.0
010 _a 75314658
020 _a0713132620 :
040 _cNust
082 0 0 _a621.3822,CON
100 1 _aConnor, F. R.
_941478
245 1 0 _aSignals /
_cF. R. Connor.
260 _aLondon :
_bEdward Arnold,
_c1972.
300 _a[1], vii, 110 p. :
_bill. ;
_c22 cm.
490 0 _aHis Introductory topics in electronics and telecommunication
505 _aIntroduction (Page-1), Analysis of A Signal (Page-11), Network Response (Page-39), Transmission of Signals (Page-56), Signal Techniques (Page-64), Information Theory (Page-79).
650 0 _aTelecommunication Engineering
942 _2ddc
_cBK
_k621.3822,CON
999 _c182693
_d182693